| 000 | 01767cam a22004097a 4500 | ||
|---|---|---|---|
| 003 | CHAP | ||
| 005 | 20220329134827.0 | ||
| 008 | 971013s1985 r 10010 d | ||
| 010 | _a26579 | ||
| 011 | _a27551 | ||
| 035 | _a31652 | ||
| 040 | _cCHAP | ||
| 082 |
_a634.9063 _bC66p 1985 |
||
| 111 | 0 | 0 |
_aCongreso Forestal Mundial ( _n9 _d: 1985 _c: México, D.F.) _926706 |
| 245 | 0 | _aPonencias | |
| 260 |
_aMéxico, D.F. : _bSecretaría de Agricultura y Recursos Hidráulicos, _c(1985?) |
||
| 300 |
_a11 v. _b: ilus. |
||
| 500 | _aFotocopia | ||
| 590 |
_aBATCH-UPD _b10 _c20130110 _lUCH01 _h0320 |
||
| 590 |
_aBATCH-UPD _b10 _c20130409 _lUCH01 _h2353 |
||
| 590 |
_aBATCH-UPD _b10 _c20130914 _lUCH01 _h0710 |
||
| 590 |
_aCONVERSION _b10 _c20130109 _lUCH01 _h1315 |
||
| 650 | 1 | 4 |
_aBosques _xCongresos. _914116 |
| 901 | _aBK | ||
| 942 | _cLIBRO | ||
| 949 |
_a634.9063 C66p 1985 _bBC _cLIBRO _d-143017 _eLIBRO _fv.2 _h71033 _i31652 _si |
||
| 949 |
_a634.9063 C66p 1985 _bBC _cLIBRO _d-143018 _eLIBRO _fv.3 _h71034 _i31652 _si |
||
| 949 |
_a634.9063 C66p 1985 _bBC _cLIBRO _d-143019 _eLIBRO _fv.4 _h71035 _i31652 _si |
||
| 949 |
_a634.9063 C66p 1985 _bBC _cLIBRO _d-143020 _eLIBRO _fv.5 _h71036 _i31652 _si |
||
| 949 |
_a634.9063 C66p 1985 _bBC _cLIBRO _d-143021 _eLIBRO _fv.6 _h71037 _i31652 _si |
||
| 949 |
_a634.9063 C66p 1985 _bBC _cLIBRO _d-143022 _eLIBRO _fv.7 _h71038 _i31652 _si |
||
| 949 |
_a634.9063 C66p 1985 _bBC _cLIBRO _d-143023 _eLIBRO _fv.8 _h71039 _i31652 _si |
||
| 949 |
_a634.9063 C66p 1985 _bBC _cLIBRO _d-143024 _eLIBRO _fv.9 _h71040 _i31652 _si |
||
| 949 |
_a634.9063 C66p 1985 _bBC _cLIBRO _d-143025 _eLIBRO _fv.10 _h71041 _i31652 _si |
||
| 949 |
_a634.9063 C66p 1985 _bBC _cLIBRO _d-143027 _eLIBRO _fv.11 _h71042 _i31652 _si |
||
| 949 |
_a634.9063 C66p 1985 _bBC _cLIBRO _d33724000221735 _eLIBRO _fv.1 _h71032 _i31652 _mD _si |
||
| 999 |
_c26579 _d26579 |
||